Was ist es? (Die Natur) - Statistiken

Allgemein
  • Dieses Quiz wurde 248 mal gespielt
    185 seit der letzten Aktualisierung
  • Das Durchschnittsergebnis liegt bei 26 aus 45
Antwortstatistiken
Hint Antwort % Korrekt
der Baum tree
95%
das Feuer fire
93%
die Blume flower
93%
der Schnee snow
93%
der Regen rain
92%
der Mond moon
89%
der Berg mountain
89%
der Sand sand
85%
die Insel island
84%
der Regenbogen rainbow
83%
der Wind wind
83%
der Strand beach
81%
der Fluss river
81%
das Feld field
79%
der Wald forest
79%
der See lake
78%
das Gras grass
74%
die Welle wave
74%
die Wolke cloud
71%
der Sturm storm
70%
der Donner thunder
68%
die Küste coast
64%
der Nebel fog
64%
das Meer ocean
64%
der Schneesturm snowstorm
62%
der Rauch smoke
60%
die Wüste desert
58%
das Blatt leaf
54%
der Blitz lightning
51%
der Busch bush
48%
die Klippe cliff
48%
das Erdbeben earthquake
48%
die Bucht bay
46%
die Flut flood
40%
der Vulkan volcano
37%
der Hafen harbor
35%
der Urwald jungle
21%
die Halbinsel peninsula
17%
der Orkan hurricane
15%
der Schauer shower
15%
der Bach stream
13%
der Hagel hail
12%
die Wiese meadow
7%
das Unkraut weed
5%
der Strauch shrub
2%
Keine übereinstimmenden Quizze gefunden
Verteilung der Resultate
Anzahl Personen mit jedem Resultat
Perzentil nach korrekt beantworteten Fragen
Ihre Resultats-Entwicklung
Sie haben dieses Quiz seit der letzten Aktualisierung nicht gespielt